000 00267nam a22001097a 4500
008 160512b xxu||||| |||| 00| 0 eng d
020 _a9780675207553
041 _aeng
080 _a61
245 _aMineral and energy resources:
_cDouglas G. Brookins;
942 _2udc
_cBK
999 _c2078
_d2078